Mechanické súčiastky a systémy : Príklady /

Guardado en:
Detalles Bibliográficos
Autores principales: Lipková, Jarmila (Autor), Wittlinger, Viktor, 1937- (Autor)
Formato: Libro
Lenguaje:eslovaco
Publicado: Bratislava : STU v Bratislave, 1984
Edición:1.vyd.
Etiquetas: Agregar Etiqueta
Sin Etiquetas, Sea el primero en etiquetar este registro!

MARC

LEADER 00000nam a22000003a 4500
001 stu6371
005 20150617225808.7
008 940802s1984----cs------------------slo-d
040 |a STU  |b slo 
041 0 |a slo 
044 |a cs 
100 1 |a Lipková, Jarmila  |4 aut 
245 1 |a Mechanické súčiastky a systémy :  |b Príklady /  |c [aut.] Wittlinger,Viktor; Lipková,Jarmila 
250 |a 1.vyd. 
260 |a Bratislava :  |b STU v Bratislave,  |c 1984 
300 |a 197 s 
700 1 |a Wittlinger, Viktor,  |d 1937-  |4 aut  |u M390  |U MTF Materiálovotechnologická fakulta  |T MTF Katedra environmentálneho a bezpečnostného inžinierstva  |X 3600  |U M390  |Y 177  |7 A000003600 
996 |b E54665  |c E*54665  |l EE01  |s A  |a 24  |w stu6371_0001